BIBLIOTHÈQUE DE LA MAISON DU MEXIQUE

Logo 1 Logo 2

Peldaños en la conciencia (notice nᵒ 1366)

détails MARC
000 -Sello discográfico
campo de control de longitud fija 01102nam a2200337 4500
005 - Identificación de versión
campo de control 20251017062805.0
010 ## - Número Estándar Internacional de Libros (ISBN)
Número (ISBN) 968-837-681-7
035 ## - Otros números de control del sistema
Número de control del sistema 19045
099 ## - fechas locales
Tipo de ítem Koha LIBRO
100 ## - Datos de procesamiento general
Datos de procesamiento general 19970328d1989 m y1spay5003 ba
105 ## - Campo de datos codificados: Material textual, monográfico
Datos codificados de monografía a 001zy
200 1# - Título y mención de responsabilidad
Título propio Peldaños en la conciencia
Designación general del material texto impreso
Otra información del título rostros en la plástica prehispánica
Primer mención de responsabilidad Beatriz de la Fuente
205 ## - Declaración de edición
Declaración de edición 2a ed
210 ## - Publicación, distribución, etc.
Lugar de publicación, distribución, etc. México
Nombre del editor, distribuidor, etc. Universidad Nacional Autónoma de México
Fecha de publicación, distribución, etc. 1989
215 ## - Descripción física
Designación de material específico y extensión del ítem 101 p., [26] h., [41] p. de lám
Otras características físicas il.
Dimensiones 24 cm
345 ## - Nota de información de adquisición
Fuente de adquisición/dirección de la suscripción [OBSOLETO] Donación de la UNAM
410 #1 - Series
Título Colección de Arte
Número de volumen 39
606 ## - Término temático usado como materia
Elemento de entrada Arte precolombino
Subdivisión geográfica México
Número Koha 3519
606 ## - Término temático usado como materia
Elemento de entrada Escultura azteca
Número Koha 3520
606 ## - Término temático usado como materia
Elemento de entrada Escultura tolteca
Número Koha 3521
607 ## - Nombre geográfico utilizado como tema
Elemento de entrada México
Subdivisión temática Historia
Subdivisión cronológica Hasta 1519
Número Koha 127
660 ## - Código de área geográfica
Código MX
700 ## - Nombre personal - Responsabilidad primaria
Elemento de entrada Ramírez de la Fuente
Parte del nombre distinta del elemento de entrada Beatriz
Fechas 1929-2005
Número Koha 1316
801 #0 - Fuente de origen
Agencia cm
900 ## -
-- 1/13454
900 ## -
-- 710972929\\280397
942 ## - ELEMENTOS DE ENTRADA SECUNDARIOS (KOHA)
Tipo de ítem Koha Livre
996 ## -
-- MEX
-- 751145101
-- MMAG
-- 002310
-- 709.72 U58 V.39
-- 20200812LIV
Exemplaires
Estatus retirado Estado de daño Estado de pérdida Fecha de adquisición Biblioteca de origen Biblioteca actual Ubicación en estantería Código de barras Precio de reemplazo Signatura topográfica completa No para préstamo Tipo de ítem Koha Nota pública Nota no pública
      05/08/2025 Casa México Paris Casa México Paris   002310 05/08/2025 709.72 U58 V.39   Livre 20200812LIV 751145101